LEADER 02610oas 2200985 a 450 001 9910145982303321 005 20251105213014.0 011 $a1876-1402 035 $a(DE-599)ZDB2452928-X 035 $a(DE-599)2452928-X 035 $a(OCoLC)248648084 035 $a(CONSER) 2010250696 035 $a(CKB)1000000000435476 035 $a(EXLCZ)991000000000435476 100 $a20080912a20089999 uy 101 0 $aeng 135 $aur||||||||||| 181 $ctxt$2rdacontent 182 $cc$2rdamedia 183 $acr$2rdacarrier 200 00$aClinical simulation in nursing 210 $a[New York, NY] $cElsevier 215 $a1 online resource 300 $aRefereed/Peer-reviewed 311 08$a1876-1399 606 $aNursing$vPeriodicals 606 $aNursing$xSimulation methods$vPeriodicals 606 $aEducation, Nursing$xmethods 606 $aPatient Simulation 606 $aComputer Simulation 606 $aSimulation par ordinateur 606 $asimulation$2aat 606 $aNursing$2fast$3(OCoLC)fst01041731 606 $aInfermeria$xRevistes$2lemac 606 $aInfermeria$xMe?todes de simulacio?$vRevistes$2lemac 606 $aInfermeria$xEnsenyament$xRevistes$2lemac 608 $aPeriodical. 608 $aperiodicals.$2aat 608 $aPeriodicals.$2fast 608 $aPeriodicals.$2lcgft 608 $aPe?riodiques.$2rvmgf 615 0$aNursing 615 0$aNursing$xSimulation methods 615 12$aEducation, Nursing$xmethods. 615 22$aPatient Simulation. 615 22$aComputer Simulation. 615 6$aSimulation par ordinateur. 615 7$asimulation. 615 7$aNursing. 615 7$aInfermeria$xRevistes. 615 7$aInfermeria$xMe?todes de simulacio? 615 7$aInfermeria$xEnsenyament$xRevistes. 712 02$aInternational Nursing Association for Clinical Simulation and Learning, 801 0$bNTE 801 1$bNTE 801 2$bUV0 801 2$bBUF 801 2$bCUS 801 2$bUKMGB 801 2$bOCLCQ 801 2$bOCLCO 801 2$bOCLCQ 801 2$bOCLCO 801 2$bNLM 801 2$bOCLCO 801 2$bOCLCQ 801 2$bOCLCO 801 2$bOCLCF 801 2$bOCLCO 801 2$bAU@ 801 2$bOCLCA 801 2$bCUS 801 2$bUUM 801 2$bOCLCQ 801 2$bAUD 801 2$bUBY 801 2$bLND 801 2$bLIP 801 2$bOCLCL 801 2$bQGK 801 2$bOCLCQ 906 $aJOURNAL 912 $a9910145982303321 996 $aClinical simulation in nursing$91902896 997 $aUNINA